L'épistémologie

Na minha lista:
Detalhes bibliográficos
Autor principal: Barreau, Hervé (Author)
Formato: Livro
Idioma:francês
Publicado em: París Presses Universitaires de France 1990
Edição:13a. ed
Colecção:Que Sais Je, 1475
Assuntos:
Tags: Adicionar Tag
Sem tags, seja o primeiro a adicionar uma tag!

MARC

LEADER 00000nam a2200000 a 4500
001 UCR0056
003 CL-VaPUC
008 971129e19900000FR |||||||||||||||||fre|d
082 0 4 |a 121  |b BAR  |2 21 
100 0 |a Barreau, Hervé  |e author  |9 395406 
245 1 2 |a L'épistémologie 
250 |a 13a. ed 
300 |a 127 p 
942 |c BK 
945 |d 19971129 00:00:00  |a rleighto 
260 |a París  |b Presses Universitaires de France  |c 1990 
650 0 |a Epistemología   |9 264994 
650 0 |a Teoría del conocimiento   |9 255038 
650 0 |a Lógica matemática   |9 262442 
650 0 |a Ciencias  |9 327866 
650 0 |a Ciencias de la vida  |9 314137 
650 0 |a Sociedad  |9 307903 
650 0 |a Tecnología  |9 256742 
583 |a last modification  |c 19971129 00:00:00  |k Rodrigo Vera 
490 0 |a Que Sais Je, 1475 
999 |c 263712  |d 263710 
952 |0 0  |1 0  |4 0  |6 121_000000000000000_BAR_1990  |7 0  |8 A  |9 293143  |a BIBMAT  |b BIBMAT  |d 2019-11-19  |i 3374823  |o 121 BAR 1990  |p 3374823  |r 2025-01-07  |w 2019-11-19  |y BK  |k MAT